| 000 | 00508nam a2200169 a 4500 | ||
|---|---|---|---|
| 001 | 3780 | ||
| 003 | CDMR | ||
| 005 | 20131211153651.0 | ||
| 008 | 130130s1975||||||||||||||||||||||||||||d | ||
| 020 | _a9231011804 | ||
| 040 |
_aCDMR _bcat _cCDMR |
||
| 245 | 0 | 0 |
_aWorld communications _b: a 200-country survey of press, radio, television and film |
| 260 |
_aParis _c1975 _bUnesco Press |
||
| 650 | 0 | 4 |
_94510 _aMitjans de comunicació de massa _xEnquestes |
| 650 | 0 | 4 |
_92190 _aComunicació internacional |
| 942 |
_cMON _2udc |
||
| 999 |
_c3780 _d3780 |
||